000 00787cam7a220022900 4500
001 qce00106582
005 20190813181152.0
008 660808s1965 ilua 000 0 eng d
035 _a(Sirsi) r68399
035 _a(QCAT)lss04933638
035 _a(UPRA)qce00106582
040 _dUPRA
060 0 _aQV 193
_bJ36a 1965
100 1 _aJaques, Louis B.
_6A29473.1
245 1 0 _aAnticoagulant therapy :
_bpharmacological principles.
260 _aSpringfield, IL :
_bThomas,
_c[c1965]
440 0 _aAmerican lecture series ;
_vno. 618. American lectures in hematology
_6S3487.1
504 _aIncludes bibliographies.
650 2 _aAnticoagulants -- therapeutic use.
_xAnticoagulants -- therapeutic use.
_6S21324.1
949 _aRM340
_wLC
_i-91775
_mMEDICAL
_tBOOK
_lON-SHELF
004 68399
999 _c45133
_d45133